000 00579nam a2200193Ia 4500
003 GCL
008 140319s9999 xx 000 0 ara d
040 _aGCL /
_cGCL
082 0 4 _aط
_b813.02
_bو ح
100 1 _aوصفى ال وصفى
245 1 0 _aكلنى يا مولاى /
_cوصفى ال وصفى
260 _a[S.N] :
_bدار المعارف
490 _aحكايات من كليلة ودمنة
_v0
650 0 4 _aالاطفال
650 0 4 _aقصص الاطفال
650 0 4 _aالقصص الخرافية
650 0 4 _aالقصص الشعبية
942 _2ddc
_cBK
999 _c35302
_d35302